Medagliere Olimpiadi estive Montréal 1976 - Statistics

Statistiche generali
  • Questo quiz è stato fatto 2 volte
  • Il punteggio medio è 9 su 12
Statistiche sulle risposte
Medaglie d'Oro Medaglie d'Argento Medaglie di Bronzo Medaglie complessive Rappresentativa olimpica % Corretto
40 25 25 90 Germania Est
100%
10 12 17 39 Germania Ovest
100%
9 6 10 25 Giappone
100%
2 7 4 13 Italia
100%
34 25 25 84 Stati Uniti
100%
49 41 35 125 Unione Sovietica
100%
6 9 7 22 Bulgaria
50%
6 4 3 13 Cuba
50%
3 5 5 13 Gran Bretagna
50%
7 6 13 26 Polonia
50%
4 9 14 27 Romania
50%
4 5 13 22 Ungheria
0%
Nessun quiz corrispondente trovato
Distribuzione punteggi
Percentuale di utenti per punteggio
Percentile per numero di risposta
I tuoi punteggi nel tempo
Non hai fatto questo quiz